Attuali problemi di interpretazione del codice di diritto canonico: atti del simposio internazionale
Enregistré dans:
| Auteur principal: | |
|---|---|
| Format: | Livre |
| Langue: | italien |
| Publié: |
Roma
Pontificia Università S. Tommaso d'Aquino
1997
|
| Sujets: | |
| Tags: |
Ajouter un tag
Pas de tags, Soyez le premier à ajouter un tag!
|
MARC
| LEADER | 00000nam a2200000 a 4500 | ||
|---|---|---|---|
| 001 | UCL2955 | ||
| 003 | CL-VaPUC | ||
| 005 | 20200123182858.0 | ||
| 008 | 031107e19970000it 1 ita d | ||
| 020 | |a 8887117004 | ||
| 082 | 0 | 4 | |a 262.9 |b ESP |2 21 |
| 100 | 1 | |a Esposito, Bruno |e author |9 620389 | |
| 245 | 1 | 0 | |a Attuali problemi di interpretazione del codice di diritto canonico: atti del simposio internazionale |
| 260 | |a Roma |b Pontificia Università S. Tommaso d'Aquino |c 1997 | ||
| 300 | |a 334 p | ||
| 583 | |a last modification |c 20190822 02:11:41 |k Rodrigo Vera | ||
| 650 | 0 | 7 | |a DERECHO CANONICO |2 CL-VaPUC |9 620390 |
| 650 | 0 | 7 | |a INTERPRETACION DEL DERECHO |2 CL-VaPUC |9 620391 |
| 942 | |c BK | ||
| 945 | |a cmena |d 20031107 00:00:00 | ||
| 546 | |a En Italiano | ||
| 536 | |a Pontificia Università S. Tommaso d'Aquino | ||
| 518 | |p Simposio Internazionale sul Attuali Problemi di Interpretazione del Codice dei Diritto Canonico, 1, Roma, 24-26 ottobre 1996 | ||
| 999 | |c 383919 |d 383917 | ||
| 952 | |0 0 |1 0 |4 0 |6 262_900000000000000_ESP_1997 |7 0 |8 A |9 506244 |a BIBDER |b BIBDER |d 2020-01-23 |i 3939200 |o 262.9 ESP 1997 |p 3939200 |r 2023-01-25 |w 2020-01-23 |y BK |k DER | ||